000 00584nam a2200205Ia 4500
005 20260429112054.0
008 260429s9999||||xx |||||||||||||| ||und||
020 _a9783030915018
041 _aEnglish
082 _a631.8
_bMAH
100 _aMahmood, Qaisar
245 0 _aSustainable plant nutrition under contaminated environments /
_cQaisar Mahmood
250 _a1st ed.
260 _aSwitzerland :
_bSpringer Nature,
_c2022.
300 _axii, 322 p.; pbk
650 _a Environmental science
650 _a Soil contamination
650 _aPlant nutrition
942 _cTB
999 _c52198
_d52198